000 00840cam a2200265 a 4500
999 _c2460
_d2460
001 644097
003 OSt
005 20230602100430.0
008 150925t20062001nyua a 000 0 eng d
020 _a9780439927840
_q(pbk.) :
040 _aTWTCL
_beng
_cTWTCL
_eaacr
041 0 _aeng
042 _anbic
082 0 _a629.225 MAY
100 1 _aMayo, Margaret.
_eauthor
245 1 0 _aDig, dig, digging /
_cwritten by Margaret Mayo ; illustrated by Alex Ayliffe.
260 _aNew York :
_bScholastic Inc.,
_c2006, c2001.
300 _a[24] p. :
_bcol. ill. ;
_c25 cm.
490 1 _aReady-to-go classroom library. Kindergarten.
650 0 _aReaders (Primary)
650 0 _aMotor vehicles
_xPictorial works
_xJuvenile literature.
700 1 _aAyliffe, Alex.
_eauthor
830 0 _aReady-to-go classroom library.
942 _2ddc
_cNFIC